000 00399nam a2200133Ia 4500
008 100328s9999 xx 000 0 und d
082 _b38703
100 _aाुळे प्रकाश
245 _aचित्रस्मृती
260 _bअक्षर श्रदा
630 _aचित्रस्मृती
730 _aचित्रस्मृती
942 _cBOOK
999 _c527847
_d527844